Reglamentaciones de trabajo y estatutos de mutualidades laborales / (Record no. 62616)

MARC details
000 -LEADER
campo de control de longitud fija 00553nam a2200157 i 4500
001 - NÚMERO DE CONTROL
campo de control 62616
003 - IDENTIFICADOR DE NÚMERO DE CONTROL
campo de control ES-MaACL
005 - FECHA Y HORA DE LA ÚLTIMA TRANSACCIÓN
campo de control 20230906164712.0
007 - CAMPO FIJO DE DESCRIPCIÓN FÍSICA--INFORMACIÓN GENERAL
campo de control de longitud fija t|
008 - DATOS DE LONGITUD FIJA--INFORMACIÓN GENERAL
campo de control de longitud fija 031124s1955 sp ||||1| spa d
100 1# - ENTRADA PRINCIPAL--NOMBRE DE PERSONA
Nombre de persona Fernández Heras, Amado.
9 (RLIN) 49843
245 10 - MENCIÓN DEL TÍTULO
Título Reglamentaciones de trabajo y estatutos de mutualidades laborales /
Mención de responsabilidad, etc. índices con modificaciones y aclaraciones por Amado Fernández Heras.
260 ## - PUBLICACIÓN, DISTRIBUCIÓN, ETC.
Lugar de publicación, distribución, etc. Zaragoza :
Nombre del editor, distribuidor, etc. [s.n.],
Fecha de publicación, distribución, etc. 1955 (
Fabricante Talleres Gráficos La Editorial)
300 ## - DESCRIPCIÓN FÍSICA
Extensión 97 p. ;
Dimensiones 21 cm.
852 ## - LOCALIZACIÓN
Ubicación ES-MaACL
Número de control de estantería 1989-F-8
Sublocalización o colección R.37205
Holdings
Estatus retirado Estado de pérdida Estado de daño No para préstamo Colección Biblioteca de origen Biblioteca actual Ubicación en estantería Fecha de adquisición Fuente de adquisición Total de préstamos Signatura topográfica completa Código de barras Visto por última vez Precio de reemplazo Tipo de ítem Koha
        Colección de folletos Biblioteca del Ateneo de Madrid Biblioteca del Ateneo de Madrid Depósito folletos 17/01/2008     1989-F-8 1065645 23/02/2023 23/02/2023 Folleto